Germanic languages in Europe - Statistics

General Stats
  • This quiz has been taken 1,696 times
  • The average score is 6 of 7
Answer Stats
Native Speaker Language % Correct
91,000,000 German
99%
22,200,000 Dutch
92%
67,000,000 English
92%
9,000,000 Swedish
91%
5,500,000 Danish
89%
5,100,000 Norwegian
87%
330,000 Icelandic
67%
No matching quizzes found
Score Distribution
Percent of People with Each Score
Percentile by Number Answered
Your Score History
You have not taken this quiz